000 00721nam a2200289Ia 4500
003 OSt
005 20160901145223.0
008 151016s9999 xx 000 0 und d
020 _a9.7898146047e+012
040 _cLIC
082 _aDC 004.6076
082 _bIn61
245 _aIntroduction to Networks
245 _bCompanion Guide
260 _aSingapore
260 _bPearson Education South Asia Pte Ltd
260 _cc2014
300 _axxxii, 681 pages;
300 _c23 cm.
650 _aCisco Systems, Inc.
650 _aComputer Networks
650 _aElectronic data processing personnel
650 _vStudy Guides
650 _xCertification
650 _xExaminations
942 _aDDC
_2ddc
_cDC
999 _c94
_d94